00666 2200229 4500001002100000005001700021008004100038035002400079090001500103245008300118250000900201260007000210300001900280500003100299650002300330700001900353850001500372980001300387985000600400999001500406999001500421YOGYA-0209000006081220090227035838.0 ind  0010-020900000060812 a819.5bKaj aKAJIAN nilai budaya naskah kunobkakawin aji palayoncRengga Astuti ...[et.al] aEd.1 aJakartabProyek Pengkajian dan Pembinaan Nilai-nilai Budayac1998 a106 hlmc21 cm aBibliografi : hlm. 105-106 aKesusasteraan Bali aAstuti, Renggo aYOPDYOG(B) a18-09-08 a2 a99A0032515 a99A0032516